[Event "37th ECC Open 2022"]
[Site "Mayrhofen AUT"]
[Date "2022.10.06"]
[Round "4.10"]
[Board "5"]
[White "Renman, Nils-Gustaf"]
[Black "Cvitan, Ognjen"]
[Result "0-1"]
[WhiteTitle "IM"]
[BlackTitle "GM"]
[WhiteElo "2329"]
[BlackElo "2446"]
[WhiteTeam "Stockholms SS"]
[BlackTeam "Schachgesellschaft Riehen"]
[WhiteFideId "1700367"]
[BlackFideId "14500086"]
[EventDate "2022.10.03"]

1. d4 Nf6 2. c4 e6 3. Nf3 d5 4. Nc3 c5 5. cxd5 exd5 6. g3 Nc6 7. Bg2 cxd4 8.
Nxd4 Bc5 9. Nb3 Bb6 10. O-O d4 11. Na4 O-O 12. Bg5 Re8 13. Re1 h6 14. Bxc6 bxc6
15. Bxf6 Qxf6 16. Nxb6 axb6 17. Qxd4 Qd8 18. a3 Ba6 19. e3 Qc7 20. Rad1 c5 21.
Qd6 Qb7 22. Nd2 Rad8 23. Qf4 Qd7 24. Qf3 Qb5 25. Ne4 Rxd1 26. Rxd1 Qxb2 27. Nd6
Rf8 28. Qd5 Be2 29. Re1 Bg4 30. Kg2 Be6 31. Qd3 Rd8 32. e4 Qe5 33. Rd1 c4 34.
Qd2 c3 35. f4 Qc5 0-1

[Event "37th ECC Open 2022"]
[Site "Mayrhofen AUT"]
[Date "2022.10.06"]
[Round "4.10"]
[Board "6"]
[White "Haag, Gregor"]
[Black "Tuomainen, Felix"]
[Result "1/2-1/2"]
[BlackTitle "FM"]
[WhiteElo "2316"]
[BlackElo "2222"]
[WhiteTeam "Schachgesellschaft Riehen"]
[BlackTeam "Stockholms SS"]
[WhiteFideId "24680931"]
[BlackFideId "1720813"]
[EventDate "2022.10.03"]

1. d4 Nf6 2. c4 c5 3. d5 b5 4. cxb5 a6 5. bxa6 g6 6. Nc3 Bxa6 7. Nf3 Bg7 8. g3
d6 9. Bg2 Nbd7 10. Rb1 Nb6 11. b3 Bb7 12. e4 Ba6 13. Bf1 Bxf1 14. Kxf1 O-O 15.
Kg2 Ng4 16. Bb2 Bxc3 17. Bxc3 Rxa2 18. Rb2 Rxb2 19. Bxb2 Qd7 20. h3 Nf6 21. Qd3
Rb8 22. Rd1 Qb7 23. e5 Nfxd5 24. exd6 exd6 25. Qe4 Qc6 26. Kg1 Re8 27. Qh4 f6
28. Ra1 Nd7 29. Qc4 Nb6 30. Qh4 Nd7 31. Qc4 Nb6 1/2-1/2

[Event "37th ECC Open 2022"]
[Site "Mayrhofen AUT"]
[Date "2022.10.06"]
[Round "4.11"]
[Board "1"]
[White "Vandenbussche, Thibaut"]
[Black "Heberla, Bartlomiej"]
[Result "1/2-1/2"]
[WhiteTitle "IM"]
[BlackTitle "GM"]
[WhiteElo "2418"]
[BlackElo "2562"]
[WhiteTeam "KBSK Brugge"]
[BlackTeam "Moravská Slavia Brno"]
[WhiteFideId "204412"]
[BlackFideId "1115120"]
[EventDate "2022.10.03"]

1. e4 c5 2. Nf3 Nc6 3. Bb5 e5 4. O-O Bd6 5. Bc4 Nf6 6. d3 O-O 7. Nc3 Be7 8. h3
d6 9. Bg5 Nd7 10. Be3 Nb6 11. Nd5 Kh8 12. Nxb6 Qxb6 13. Bg5 f6 14. Bd2 f5 15.
Ng5 Bxg5 16. Bxg5 f4 17. Qh5 Bd7 18. c3 Be8 19. Qh4 Bf7 20. Rfd1 Rae8 21. Bd5
Bxd5 22. exd5 Nb8 23. d4 Nd7 24. Re1 cxd4 25. cxd4 Qxd4 26. Be7 Rf7 27. Bxd6
Qxd5 28. Rad1 Qe6 29. Qg4 Rf5 30. Qf3 e4 31. Qb3 Qxb3 32. axb3 Nf6 33. Rd4 Rd8
34. Be5 Rxd4 35. Bxd4 Rb5 36. Bxa7 b6 37. Rc1 g5 38. Rc6 Nd5 39. Re6 Ra5 40.
Bxb6 Ra1+ 41. Kh2 Nxb6 42. Rxb6 Rf1 43. Re6 Rxf2 44. Rxe4 Kg7 45. Kg1 Rxb2 46.
g3 fxg3 47. Re3 g2 48. Rg3 Kh6 49. h4 gxh4 50. Rxg2 Rxb3 51. Kh2 1/2-1/2

[Event "37th ECC Open 2022"]
[Site "Mayrhofen AUT"]
[Date "2022.10.06"]
[Round "4.11"]
[Board "2"]
[White "Neugebauer, Martin"]
[Black "Decoster, Frederic"]
[Result "1-0"]
[WhiteTitle "IM"]
[BlackTitle "FM"]
[WhiteElo "2517"]
[BlackElo "2314"]
[WhiteTeam "Moravská Slavia Brno"]
[BlackTeam "KBSK Brugge"]
[WhiteFideId "14923432"]
[BlackFideId "204269"]
[EventDate "2022.10.03"]

1. e4 e5 2. Nf3 Nc6 3. Bc4 Bc5 4. c3 Nf6 5. d3 d6 6. O-O a5 7. Re1 O-O 8. Bb3
Ng4 9. Re2 Ba7 10. Nbd2 Be6 11. Nf1 Bxb3 12. Qxb3 a4 13. Qc2 h6 14. h3 Nf6 15.
Be3 Bxe3 16. Nxe3 Re8 17. Nf5 Kh7 18. d4 g6 19. Ng3 Kg7 20. Rd1 Qb8 21. Qd2 Qa7
22. Nh4 Ne7 23. f4 Qa5 24. fxe5 dxe5 25. Rf1 Ra6 26. Ref2 exd4 27. Qxd4 Qb6 28.
e5 Qxd4 29. cxd4 Nfg8 30. Rxf7+ Kh8 31. Ne4 g5 32. Nf6 Nxf6 33. exf6 1-0

[Event "37th ECC Open 2022"]
[Site "Mayrhofen AUT"]
[Date "2022.10.06"]
[Round "4.11"]
[Board "3"]
[White "Meulders, Richard"]
[Black "Polak, Tomas"]
[Result "0-1"]
[WhiteTitle "FM"]
[BlackTitle "GM"]
[WhiteElo "2220"]
[BlackElo "2502"]
[WhiteTeam "KBSK Brugge"]
[BlackTeam "Moravská Slavia Brno"]
[WhiteFideId "200123"]
[BlackFideId "300560"]
[EventDate "2022.10.03"]

1. d4 Nf6 2. Bg5 e6 3. e4 h6 4. Bxf6 Qxf6 5. Nf3 d6 6. Nc3 Nd7 7. Qd2 a6 8.
O-O-O Qe7 9. h4 g6 10. Re1 Bg7 11. Nd5 Qd8 12. Nf4 c5 13. dxc5 Nxc5 14. e5 O-O
15. Bd3 dxe5 16. Nxe5 Qd4 17. Qe3 Rd8 18. g3 b5 19. Qxd4 Rxd4 20. c3 Rxf4 21.
gxf4 Bxe5 22. Bc2 Bxf4+ 23. Kb1 Bb7 24. Rhg1 Bf3 25. Bd1 Bd5 26. Bc2 Kg7 27. b4
Na4 28. Bxa4 bxa4 29. Kb2 Bf3 30. Ka3 Rc8 0-1

[Event "37th ECC Open 2022"]
[Site "Mayrhofen AUT"]
[Date "2022.10.06"]
[Round "4.11"]
[Board "4"]
[White "Kusa, Jakub"]
[Black "Maenhout, Thibaut"]
[Result "1-0"]
[WhiteTitle "FM"]
[BlackTitle "IM"]
[WhiteElo "2360"]
[BlackElo "2397"]
[WhiteTeam "Moravská Slavia Brno"]
[BlackTeam "KBSK Brugge"]
[WhiteFideId "395595"]
[BlackFideId "205044"]
[EventDate "2022.10.03"]

1. d4 Nf6 2. c4 c5 3. d5 b5 4. cxb5 a6 5. b6 e6 6. Nc3 Nxd5 7. Nxd5 exd5 8. Qxd5
Nc6 9. Nf3 Rb8 10. e4 Be7 11. Bc4 O-O 12. Qh5 Qe8 13. O-O d6 14. Bf4 Be6 15. b3
Rxb6 16. Rad1 Bxc4 17. bxc4 Na5 18. Qd5 Qa4 19. Rc1 Nc6 20. Qd2 Rd8 21. Rfd1 Bf8
22. h3 Nb4 23. Rb1 Re8 24. Re1 h6 25. Re3 Nd5 26. Reb3 Nxf4 27. Rxb6 Rxe4 28.
Rb8 Qxc4 29. Qxd6 Ne6 30. Nd2 1-0

[Event "37th ECC Open 2022"]
[Site "Mayrhofen AUT"]
[Date "2022.10.06"]
[Round "4.11"]
[Board "5"]
[White "Boucquet, Emile"]
[Black "Roubalik, Jakub"]
[Result "0-1"]
[WhiteTitle "CM"]
[WhiteElo "2182"]
[BlackElo "2372"]
[WhiteTeam "KBSK Brugge"]
[BlackTeam "Moravská Slavia Brno"]
[WhiteFideId "233161"]
[BlackFideId "322237"]
[EventDate "2022.10.03"]

1. e4 e5 2. Nf3 Nc6 3. Bb5 a6 4. Ba4 Nf6 5. O-O Be7 6. d3 b5 7. Bb3 d6 8. a3 O-O
9. Nc3 Na5 10. Ba2 Be6 11. b4 Bxa2 12. Rxa2 Nc6 13. Bg5 Qd7 14. Bxf6 Bxf6 15.
Nd5 Bd8 16. a4 Ne7 17. Nxe7+ Bxe7 18. Qa1 Qc6 19. Rc1 Qb7 20. Qc3 Bf6 21. axb5
axb5 22. Rca1 c6 23. Ra5 Rxa5 24. Rxa5 Bd8 25. Ra1 Bb6 26. Qa3 Rb8 27. Qa6 Qc7
28. h3 g6 29. g3 c5 30. c3 cxb4 31. cxb4 Qc2 32. Ra2 Qxd3 33. Kg2 Qxe4 34. Qxb5
Qb7 35. Re2 e4 36. Ng5 d5 37. Rc2 h6 38. Rc6 hxg5 39. Qxd5 Kh7 40. Qxe4 Qd7 41.
Qf3 Bd4 42. Rc4 Kg7 43. Qe4 Bf6 44. Qf3 Rh8 45. Rg4 Rc8 46. Qe4 Qd2 47. h4 Rc2
48. Qf3 Bd4 49. Rxg5 Bxf2 50. Kh3 Be3 51. Rg4 Qh2# 0-1

[Event "37th ECC Open 2022"]
[Site "Mayrhofen AUT"]
[Date "2022.10.06"]
[Round "4.11"]
[Board "6"]
[White "Nemec, Jachym"]
[Black "Geirnaert, Steven"]
[Result "1/2-1/2"]
[WhiteTitle "FM"]
[BlackTitle "IM"]
[WhiteElo "2345"]
[BlackElo "2399"]
[WhiteTeam "Moravská Slavia Brno"]
[BlackTeam "KBSK Brugge"]
[WhiteFideId "23716525"]
[BlackFideId "203866"]
[EventDate "2022.10.03"]

1. d4 Nf6 2. c4 e6 3. Nf3 b6 4. a3 Bb7 5. Nc3 Ne4 6. Nxe4 Bxe4 7. Nd2 Bg6 8. g3
Nc6 9. e3 e5 10. d5 Na5 11. Bg2 Bd6 12. b4 Nb7 13. h4 h6 14. e4 a5 15. c5 bxc5
16. b5 O-O 17. O-O f5 18. exf5 Bxf5 19. Re1 Qf6 20. Bb2 Bd3 21. f4 Qg6 22. fxe5
Qxg3 23. Nf3 Bxb5 24. exd6 Nxd6 25. Be5 Qg4 26. Rc1 Ba4 27. Qd3 Bb5 28. Qd1 Ba4
29. Qe2 Rae8 30. Rxc5 Rf4 31. Qf1 Re4 32. Rxe4 Qxe4 33. Bxd6 cxd6 34. Rc4 Qe3+
35. Qf2 Qxa3 36. Rg4 Bd1 37. Kh2 Qe3 38. Qb2 Re7 39. Qb8+ Re8 40. Qb2 Re7 41.
Rg3 Qe4 42. Qb8+ Re8 43. Qxd6 Bxf3 44. Rxf3 Qxh4+ 45. Rh3 Qg4 46. Bf3 Re2+ 47.
Bxe2 Qxe2+ 48. Kg3 Qe3+ 49. Kg4 Qe2+ 50. Kg3 Qe3+ 51. Kg4 Qe2+ 1/2-1/2

[Event "37th ECC Open 2022"]
[Site "Mayrhofen AUT"]
[Date "2022.10.07"]
[Round "5.1"]
[Board "1"]
[White "Harikrishna, Pentala"]
[Black "Anand, Viswanathan"]
[Result "1-0"]
[WhiteTitle "GM"]
[BlackTitle "GM"]
[WhiteElo "2717"]
[BlackElo "2756"]
[WhiteTeam "Novy Bor Chess club"]
[BlackTeam "CSU ASE Superbet"]
[WhiteFideId "5007003"]
[BlackFideId "5000017"]
[EventDate "2022.10.03"]

1. d4 Nf6 2. c4 e6 3. Nf3 d5 4. g3 dxc4 5. Bg2 c5 6. O-O Nc6 7. Qa4 Bd7 8. Qxc4
b5 9. Qc3 b4 10. Qd3 Rc8 11. dxc5 Bxc5 12. Nbd2 O-O 13. Nb3 Bb6 14. Be3 Ne7 15.
Ne5 Ba4 16. Qxd8 Rfxd8 17. Bxb6 axb6 18. Rfc1 Nd7 19. Rxc8 Rxc8 20. Nxd7 Bxd7
21. Rc1 e5 22. Rxc8+ Nxc8 23. Nc1 Nd6 24. Nd3 b3 25. axb3 f6 26. Bd5+ Kf8 27. e4
Ke7 28. f4 exf4 29. Nxf4 g5 30. Ne2 f5 31. e5 Ne8 32. Nd4 Ng7 33. Kf2 h6 34. Ke3
Be8 35. Bc4 Bd7 36. b4 Bc8 37. Bd5 Bd7 38. Bb3 Kd8 39. Bc2 Ke7 40. Bd3 Kf7 41.
b5 Ke7 42. Nc6+ Ke8 43. Nb4 Be6 44. Nc6 Kd7 45. Nd4 Ke7 46. Bc2 Bd7 47. Bb3 Kd8
48. Nc6+ Kc7 49. Bd5 Ne6 50. Bxe6 Bxe6 51. Nd4 Kd7 52. h4 1-0

[Event "37th ECC Open 2022"]
[Site "Mayrhofen AUT"]
[Date "2022.10.07"]
[Round "5.1"]
[Board "2"]
[White "Rapport, Richard"]
[Black "Vidit, Santosh Gujrathi"]
[Result "0-1"]
[WhiteTitle "GM"]
[BlackTitle "GM"]
[WhiteElo "2754"]
[BlackElo "2710"]
[WhiteTeam "CSU ASE Superbet"]
[BlackTeam "Novy Bor Chess club"]
[WhiteFideId "738590"]
[BlackFideId "5029465"]
[EventDate "2022.10.03"]

1. e4 e5 2. Nf3 Nc6 3. Bb5 Nf6 4. O-O Nxe4 5. d4 Nd6 6. Bxc6 dxc6 7. dxe5 Nf5 8.
Qxd8+ Kxd8 9. Nc3 Be7 10. Rd1+ Ke8 11. Bg5 Bxg5 12. Nxg5 h6 13. Nge4 g5 14. Ne2
Ke7 15. Rd2 Be6 16. Rad1 Rad8 17. Rxd8 Rxd8 18. Rxd8 Kxd8 19. b3 Nh4 20. Nc5 Bc8
21. Nd4 Ng6 22. e6 fxe6 23. Ncxe6+ Ke7 24. Nc5 Kd6 25. Nd3 Ne5 26. Ne1 b5 27. c3
a5 28. f3 b4 29. Kf2 c5 30. Ndc2 Bf5 31. cxb4 cxb4 32. Ke3 c5 33. h3 c4 34. bxc4
Nxc4+ 35. Kd4 Ne5 36. Na1 Nc6+ 37. Ke3 a4 38. Nd3 Kd5 39. Kd2 Kc4 40. Nb2+ Kb5
41. Nc2 a3 42. Nd3 Bh7 43. g3 Bg8 44. Nc1 h5 45. h4 gxh4 46. gxh4 Ne5 47. Ke3
Kc4 48. Nd4 Kc3 49. f4 Ng4+ 50. Ke4 Nf6+ 51. Ke5 Nd7+ 52. Ke4 Nc5+ 53. Ke3 Kb2
54. Nce2 Bxa2 55. Nc6 Bc4 56. Nxb4 Bxe2 57. Kxe2 Kb3 0-1

[Event "37th ECC Open 2022"]
[Site "Mayrhofen AUT"]
[Date "2022.10.07"]
[Round "5.1"]
[Board "3"]
[White "Wojtaszek, Radoslaw"]
[Black "Deac, Bogdan-Daniel"]
[Result "1/2-1/2"]
[WhiteTitle "GM"]
[BlackTitle "GM"]
[WhiteElo "2693"]
[BlackElo "2707"]
[WhiteTeam "Novy Bor Chess club"]
[BlackTeam "CSU ASE Superbet"]
[WhiteFideId "1118358"]
[BlackFideId "1226380"]
[EventDate "2022.10.03"]

1. d4 Nf6 2. c4 e6 3. Nf3 d5 4. Nc3 c6 5. e3 Nbd7 6. Qc2 Bd6 7. Bd3 O-O 8. O-O
dxc4 9. Bxc4 a6 10. a4 c5 11. Rd1 Qc7 12. Qe2 b6 13. h3 cxd4 14. exd4 Bb7 15. d5
exd5 16. Nxd5 Nxd5 17. Bxd5 Bxd5 18. Rxd5 Nf6 19. Rd3 Rfe8 20. Be3 Bf4 21. Bxf4
Qxf4 22. Qd2 Qxd2 23. Rxd2 Re4 24. a5 bxa5 25. Rxa5 h6 26. b3 Rb4 27. Rd3 Ne4
28. Ne5 Rb5 29. Rxb5 axb5 30. f3 Nc5 31. Rd5 Nxb3 32. Rxb5 Nd4 33. Rb2 1/2-1/2

[Event "37th ECC Open 2022"]
[Site "Mayrhofen AUT"]
[Date "2022.10.07"]
[Round "5.1"]
[Board "4"]
[White "Gukesh, D"]
[Black "Navara, David"]
[Result "1/2-1/2"]
[WhiteTitle "GM"]
[BlackTitle "GM"]
[WhiteElo "2732"]
[BlackElo "2676"]
[WhiteTeam "CSU ASE Superbet"]
[BlackTeam "Novy Bor Chess club"]
[WhiteFideId "46616543"]
[BlackFideId "309095"]
[EventDate "2022.10.03"]

1. d4 Nf6 2. c4 e6 3. Nf3 d5 4. Nc3 Bb4 5. Bg5 h6 6. Bh4 dxc4 7. a3 Bxc3+ 8.
bxc3 b5 9. a4 c6 10. g4 Bb7 11. Bg2 Nbd7 12. O-O a6 13. Re1 g5 14. Bg3 Ne4 15.
Qc2 Nxg3 16. hxg3 O-O 17. e4 c5 18. d5 exd5 19. exd5 Qf6 20. Nd2 Ne5 21. Qf5
Qxf5 22. gxf5 f6 23. Ne4 Nd3 24. Reb1 Rad8 25. axb5 axb5 26. Rxb5 Bxd5 27. Ra6
Bxe4 28. Bxe4 h5 29. Ra4 Rb8 30. Rxb8 Rxb8 31. Rxc4 Rb1+ 32. Kg2 Rd1 33. Bxd3
Rxd3 34. Rxc5 Kg7 35. c4 Rc3 36. Rc8 g4 37. Kf1 Kh6 38. Ke2 Kg5 39. Rc5 h4 40.
gxh4+ Kxh4 41. Rc8 Kg5 42. c5 Kxf5 43. c6 Kf4 44. c7 f5 45. Kd2 Rc6 46. Ke2 Rc5
47. Kd3 Rd5+ 48. Ke2 Re5+ 49. Kf1 Re7 50. Kg2 Rf7 51. f3 gxf3+ 52. Kf2 Rd7 53.
Ra8 Rxc7 54. Ra4+ 1/2-1/2

[Event "37th ECC Open 2022"]
[Site "Mayrhofen AUT"]
[Date "2022.10.07"]
[Round "5.1"]
[Board "5"]
[White "Grandelius, Nils"]
[Black "Nisipeanu, Liviu-Dieter"]
[Result "1-0"]
[WhiteTitle "GM"]
[BlackTitle "GM"]
[WhiteElo "2651"]
[BlackElo "2615"]
[WhiteTeam "Novy Bor Chess club"]
[BlackTeam "CSU ASE Superbet"]
[WhiteFideId "1710400"]
[BlackFideId "1202758"]
[EventDate "2022.10.03"]

1. d4 Nf6 2. c4 e6 3. Nf3 d5 4. Nc3 Be7 5. cxd5 exd5 6. Bf4 c6 7. e3 Bf5 8. Nh4
Be6 9. Bd3 Nbd7 10. h3 Ne4 11. Nf3 f5 12. Qb3 Qb6 13. Qc2 O-O 14. O-O Rae8 15.
Ne5 Bf6 16. Na4 Qd8 17. f3 Ng5 18. Nxd7 Bxd7 19. Nc5 Bc8 20. b4 g6 21. Rac1 Nf7
22. Qf2 g5 23. Bh2 Nd6 24. Kh1 Bg7 25. Rfe1 Rf7 26. Qg3 Bf8 27. Re2 b6 28. Nb3
Nc4 29. Qe1 Qe7 30. e4 Qxb4 31. Qxb4 Bxb4 32. exd5 Rxe2 33. Bxe2 Ne3 34. dxc6 f4
35. Bg1 Re7 36. Bd3 h5 37. d5 g4 38. Nd4 Kf8 39. Bxe3 fxe3 40. fxg4 hxg4 41.
hxg4 Re5 42. Bf5 Ba6 43. c7 Bc5 44. Ne6+ Ke7 45. Nxc5 bxc5 46. c8=Q Bxc8 47.
Bxc8 1-0

[Event "37th ECC Open 2022"]
[Site "Mayrhofen AUT"]
[Date "2022.10.07"]
[Round "5.1"]
[Board "6"]
[White "Sargissian, Gabriel"]
[Black "Anton Guijarro, David"]
[Result "1/2-1/2"]
[WhiteTitle "GM"]
[BlackTitle "GM"]
[WhiteElo "2711"]
[BlackElo "2655"]
[WhiteTeam "CSU ASE Superbet"]
[BlackTeam "Novy Bor Chess club"]
[WhiteFideId "13300881"]
[BlackFideId "2285525"]
[EventDate "2022.10.03"]

1. d4 Nf6 2. c4 e6 3. Nf3 d5 4. g3 Bb4+ 5. Bd2 Be7 6. Bg2 O-O 7. O-O Nbd7 8. Qc2
c6 9. Bf4 b6 10. Nbd2 Bb7 11. e4 Nh5 12. Be3 Nhf6 13. Bf4 Nh5 14. Be3 Nhf6 15.
Bf4 1/2-1/2

[Event "37th ECC Open 2022"]
[Site "Mayrhofen AUT"]
[Date "2022.10.07"]
[Round "5.2"]
[Board "1"]
[White "Maghsoodloo, Parham"]
[Black "Vachier-Lagrave, Maxime"]
[Result "1/2-1/2"]
[WhiteTitle "GM"]
[BlackTitle "GM"]
[WhiteElo "2721"]
[BlackElo "2747"]
[WhiteTeam "Clichy-Echecs-92"]
[BlackTeam "Asnieres Le Grand Echiquier"]
[WhiteFideId "12539929"]
[BlackFideId "623539"]
[EventDate "2022.10.03"]

1. e4 c5 2. Nf3 d6 3. d4 cxd4 4. Nxd4 Nf6 5. Nc3 a6 6. Bg5 e6 7. f4 Qb6 8. Nb3
Nbd7 9. Qe2 Qc7 10. O-O-O b5 11. a3 Be7 12. Kb1 Bb7 13. Qe1 Rc8 14. Bd3 Nc5 15.
Nxc5 dxc5 16. e5 Nd5 17. Nxd5 Bxd5 18. Bxe7 Qxe7 19. Be4 Rd8 20. f5 Bxe4 21.
Qxe4 O-O 22. f6 gxf6 23. Qh4 Rxd1+ 24. Rxd1 Rd8 25. Rf1 Kh8 26. Rf3 Rd4 27. Qh5
Qf8 28. exf6 Rd5 29. Qh4 h5 30. Qf4 Rf5 31. Qc7 Rxf3 32. gxf3 Kh7 33. Qe7 Qg8
34. Qxc5 Qg6 35. h4 Qxf6 36. Qxh5+ Kg7 37. a4 bxa4 38. Qg4+ Kh6 39. Ka2 Qe5 40.
Qxa4 Qd5+ 41. c4 Qxf3 42. Qxa6 Qe4 43. b4 f5 44. c5 f4 45. c6 f3 46. c7 Qc2+ 47.
Ka3 Qc3+ 48. Ka4 Qc2+ 49. Kb5 Qd3+ 50. Ka5 Qa3+ 51. Kb6 Qxb4+ 52. Kc6 Qc3+ 53.
Kd7 Qg7+ 54. Kd6 Qf8+ 55. Kxe6 f2 56. Kd7+ Kh5 57. Qe2+ Kxh4 58. c8=Q f1=Q 59.
Qcc4+ Q1f4 60. Qf2+ Kg5 61. Qg1+ Kh4 62. Qh2+ Kg5 63. Qg2+ Kh4 64. Qf2+ Kg5 65.
Qfxf4+ Qxf4 66. Qxf4+ Kxf4 1/2-1/2

[Event "37th ECC Open 2022"]
[Site "Mayrhofen AUT"]
[Date "2022.10.07"]
[Round "5.2"]
[Board "2"]
[White "Esipenko, Andrey"]
[Black "Van Foreest, Jorden"]
[Result "1-0"]
[WhiteTitle "GM"]
[BlackTitle "GM"]
[WhiteElo "2668"]
[BlackElo "2694"]
[WhiteTeam "Asnieres Le Grand Echiquier"]
[BlackTeam "Clichy-Echecs-92"]
[WhiteFideId "24175439"]
[BlackFideId "1039784"]
[EventDate "2022.10.03"]

1. e4 c5 2. Nf3 d6 3. Bb5+ Bd7 4. c4 a6 5. Bxd7+ Nxd7 6. Nc3 Rc8 7. O-O e6 8. d3
Be7 9. h3 Ngf6 10. Nh2 Ne5 11. f4 Nc6 12. Nf3 O-O 13. Kh2 Rb8 14. a4 Ne8 15. Be3
Nc7 16. d4 cxd4 17. Nxd4 Bf6 18. a5 Ne8 19. Nxc6 bxc6 20. Bb6 Qe7 21. Qd3 c5 22.
Rad1 Bd4 23. b4 Nc7 24. Ne2 e5 25. Nxd4 cxd4 26. fxe5 Ne6 27. b5 dxe5 28. c5
Rfc8 29. c6 Ra8 30. Rc1 Nf4 31. Qc4 axb5 32. Qxb5 Qg5 33. Rc2 h5 34. Bxd4 Qg6
35. Qxe5 Nd3 36. Qf5 Qxf5 37. Rxf5 Nb4 38. Rc4 Nxc6 39. Rfc5 Ra6 40. Bc3 f6 41.
Rxh5 Rca8 42. Ra4 Kf7 43. Rb5 Ke6 44. Rb7 g5 45. Rc4 Nxa5 46. Bxa5 Rxa5 47. Rc6+
Ke5 48. Re7+ Kd4 49. Rd6+ Ke3 50. Rxf6 Rg8 51. Kg3 g4 52. hxg4 Ra4 53. Rf3+ Ke2
54. Re5 1-0

[Event "37th ECC Open 2022"]
[Site "Mayrhofen AUT"]
[Date "2022.10.07"]
[Round "5.2"]
[Board "3"]
[White "Amin, Bassem"]
[Black "Moussard, Jules"]
[Result "1/2-1/2"]
[WhiteTitle "GM"]
[BlackTitle "GM"]
[WhiteElo "2667"]
[BlackElo "2686"]
[WhiteTeam "Clichy-Echecs-92"]
[BlackTeam "Asnieres Le Grand Echiquier"]
[WhiteFideId "10601457"]
[BlackFideId "642908"]
[EventDate "2022.10.03"]

1. Nf3 Nf6 2. g3 g6 3. b3 Bg7 4. Bb2 a5 5. Bg2 d5 6. c4 c6 7. O-O O-O 8. d3 Bg4
9. Nbd2 Nbd7 10. Rc1 Bxf3 11. Nxf3 e6 12. Qc2 Qe7 13. Bc3 e5 14. cxd5 Nxd5 15.
Bb2 Rfd8 16. a3 Nc7 17. e3 Nb5 18. Ra1 Nb6 19. Nd2 Nc7 20. Rfd1 Ne6 21. Rac1 Nd5
22. Ne4 Ndc7 23. Nc5 Nxc5 24. Qxc5 Qxc5 25. Rxc5 Ne6 26. Rc4 Rd7 27. Kf1 Rad8
28. Bc3 Rxd3 29. Rxd3 Rxd3 30. Be4 Rd7 31. Bxa5 f5 32. Bc2 e4 33. h4 Be5 34. Ke2
Kf7 35. a4 Kf6 36. Be1 Nc7 37. b4 Rd5 38. g4 Ke7 39. gxf5 gxf5 40. f3 exf3+ 41.
Kxf3 Ne8 42. h5 Nd6 43. Rc5 Rxc5 44. bxc5 Ne4 45. Bxe4 fxe4+ 46. Kxe4 Ke6 47.
Ba5 Bf6 1/2-1/2

[Event "37th ECC Open 2022"]
[Site "Mayrhofen AUT"]
[Date "2022.10.07"]
[Round "5.2"]
[Board "4"]
[White "Alekseenko, Kirill"]
[Black "Vocaturo, Daniele"]
[Result "1/2-1/2"]
[WhiteTitle "GM"]
[BlackTitle "GM"]
[WhiteElo "2691"]
[BlackElo "2615"]
[WhiteTeam "Asnieres Le Grand Echiquier"]
[BlackTeam "Clichy-Echecs-92"]
[WhiteFideId "4135539"]
[BlackFideId "813192"]
[EventDate "2022.10.03"]

1. e4 e5 2. Nf3 Nc6 3. Bc4 Nf6 4. d3 Bc5 5. O-O d6 6. c3 h6 7. Re1 O-O 8. h3 Bb6
9. Nbd2 Ne7 10. a4 a5 11. Bb3 c6 12. d4 Ng6 13. Nf1 exd4 14. cxd4 d5 15. e5 Ne4
16. N1d2 Bf5 17. Bc2 Nxd2 18. Bxd2 Bxc2 19. Qxc2 Nh4 20. Ra3 Nxf3+ 21. Rxf3 Bxd4
22. Qf5 c5 23. Bc3 Bxc3 24. bxc3 Qe8 25. Rd3 Rd8 26. Rg3 Qe6 27. Qf6 Qxf6 28.
exf6 g6 29. Rb1 Rd7 30. Rb5 d4 31. Rd3 Rc8 32. cxd4 cxd4 33. Rxa5 Rc1+ 34. Kh2
Rc6 35. Rb5 Rxf6 36. Rb4 Rfd6 37. Kg3 f5 38. Kf3 Kf7 39. Ke2 Kf6 40. Rdb3 d3+
41. Kd2 Rd4 42. Rxd4 Rxd4 43. Rxb7 Rxa4 1/2-1/2

[Event "37th ECC Open 2022"]
[Site "Mayrhofen AUT"]
[Date "2022.10.07"]
[Round "5.2"]
[Board "5"]
[White "Van Wely, Loek"]
[Black "Movsesian, Sergei"]
[Result "1-0"]
[WhiteTitle "GM"]
[BlackTitle "GM"]
[WhiteElo "2629"]
[BlackElo "2619"]
[WhiteTeam "Clichy-Echecs-92"]
[BlackTeam "Asnieres Le Grand Echiquier"]
[WhiteFideId "1000268"]
[BlackFideId "310204"]
[EventDate "2022.10.03"]

1. c4 e6 2. Nc3 d5 3. d4 a6 4. cxd5 exd5 5. Qb3 c5 6. dxc5 Nf6 7. Bg5 Bxc5 8.
O-O-O d4 9. e3 Nc6 10. Nf3 Bg4 11. exd4 Bxf3 12. Re1+ Be7 13. Bxf6 gxf6 14. gxf3
Rc8 15. d5 Ne5 16. f4 Ng6 17. f5 Ne5 18. f4 Nf3 19. Re3 Nh4 20. Bd3 Kf8 21. Qxb7
Bd6 22. Rf1 Ng2 23. Re4 Rg8 24. Bxa6 Rc7 25. Qb5 Re7 26. Kb1 Ne3 27. Re1 Nxf5
28. Qc6 Nd4 29. Qa4 Qb6 30. Rxe7 Bxe7 31. Bb5 Nf3 32. d6 Bd8 33. Re8+ Kg7 34.
Rxg8+ Kxg8 35. d7 Nd2+ 36. Kc2 Nf3 37. Kb1 Kg7 38. a3 Nd2+ 39. Kc2 Nf3 40. Kb1
Nd2+ 41. Ka1 Qg1+ 42. Ka2 Qxh2 43. Qd4 Qg2 44. Qe3 h5 45. Be2 Nf1 46. Qe8 Ba5
47. d8=Q Bxd8 48. Qxd8 h4 49. Qd5 h3 50. Bc4 1-0

[Event "37th ECC Open 2022"]
[Site "Mayrhofen AUT"]
[Date "2022.10.07"]
[Round "5.2"]
[Board "6"]
[White "Cornette, Matthieu"]
[Black "Tregubov, Pavel V."]
[Result "1/2-1/2"]
[WhiteTitle "GM"]
[BlackTitle "GM"]
[WhiteElo "2572"]
[BlackElo "2548"]
[WhiteTeam "Asnieres Le Grand Echiquier"]
[BlackTeam "Clichy-Echecs-92"]
[WhiteFideId "620084"]
[BlackFideId "4115341"]
[EventDate "2022.10.03"]

1. e4 c5 2. Nf3 e6 3. c3 d5 4. e5 Nc6 5. d4 Bd7 6. Be2 Nge7 7. Na3 cxd4 8. cxd4
Ng6 9. Nc2 Be7 10. g3 f6 11. h4 O-O 12. h5 Nh8 13. h6 g6 14. exf6 Bxf6 15. Ne3
Nf7 16. Ng4 Bh8 17. Bf4 Nxd4 18. Nxd4 e5 19. Nxe5 Bxe5 20. Bxe5 Nxe5 21. f4 Nc4
22. Nc2 Qe7 23. Qxd5+ Be6 24. Qe4 Rac8 25. Nd4 Qb4+ 26. Kf2 Bf7 27. Nb3 Qb6+ 28.
Qd4 Nxb2 29. Qxb6 axb6 30. Rhc1 Bd5 31. Nd4 Na4 32. Bg4 Rxc1 33. Rxc1 Nc5 34.
Kg1 Ra8 35. Re1 Ra3 36. Ne2 Rxa2 37. Rd1 Bc4 38. Nd4 Ra3 39. Nf3 Nd3 40. Nd2 Bd5
41. Bf3 Nxf4 42. gxf4 Bxf3 43. Nxf3 Rxf3 44. Rd8+ Kf7 45. Rd7+ Kf6 46. Rxh7 Rxf4
47. Rxb7 Rh4 48. Rxb6+ Kg5 1/2-1/2